| 000 | 01142nam a2200229 u 4500 | ||
|---|---|---|---|
| 001 | 000623871 | ||
| 003 | AM-YeHGA | ||
| 005 | 20250617140144.0 | ||
| 008 | 090113s1986 ||| r 000 0 rus d | ||
| 040 | _aAM-YeHGA | ||
| 041 | 0 | _arus | |
| 245 | 0 | 0 |
_aПроблемы противоселевых мероприятий / _cКаз. пед. ин-т им. Абая и др.; Редкол.: А.Ю. Хегай (гл. ред.) и др. |
| 260 |
_aАлма-Ата : _bБ. и., _c1986. |
||
| 300 |
_a167 с. : _bил. |
||
| 440 | 0 | _aСелезащита | |
| 550 | _aГл. упр. по стр-ву и эксплуатации селезащит. сооружений при Совете Министров КазССР, Науч. совет АН СССР по инж. геологии и гидрогеологии | ||
| 653 | 0 | _aСелевые потоки - Сборники | |
| 653 | 0 | _aСелезащитные сооружения - Сборники | |
| 700 | 1 |
_aХегай, Алексей Юрьевич _eред. _4edt |
|
| 710 | 2 | _aКазахский педагогический институт им. Абая | |
| 090 | _c216080 | ||
| 999 |
_c214563 _d214563 |
||